00873nam a2200229 a 4500001000900000005001700009008004100026040001300067050002200080245011500102260004300217300003200260650004500292650004100337650004900378700002600427700003600453700002700489942001100516999001300527952010300540BRCA_85920190320203200.0980424s1997 pe-a---##b---#000-0#spa-# aDLCcDLC 4aNK7139b.P53 199710aPlata y plateros del PerúcPaloma Carcedo ... [et al.] ; editores José Torres della Pina, Victoria Mujica. aLimabPatronato Plata del Perúc1997 a385 p.bil. a colorc30 cm.14aTrabajo en plataxHistoriazPerú9286314aOrfebreríaxHistoriazPerú9286414aPlatería religiosaxHistoriazPerú928651 aCarcedo, Paloma928661 aTorres della Pina, José928671 aMujica, Victoria92868 2lcccB c754d754 00104070aBRCAbBRCAd2008-06-26l0oNK7139 .P53 1997p01331r2019-03-22 00:00:00w2019-03-22yB